タイトルホルダーの出走レース - Statistics

General Stats
  • This quiz has been taken 38 times
  • The average score is 18 of 19
Answer Stats
日付 R 着順 騎手 勝ち馬(2着馬) レース名 % Correct
2021/04/18 中山11R 2着 田辺裕信 エフフォーリア G1 皐月賞
100%
2021/05/30 東京11R 6着 シャフリヤール G1 東京優駿/日本ダービー
100%
2021/10/24 阪神11R 1着 (オーソクレース) G1 菊花賞
100%
2021/12/26 中山11R 5着 横山和生 エフフォーリア G1 有馬記念
100%
2022/06/26 阪神11R 1着 (ヒシイグアス) G1 宝塚記念
100%
2022/12/25 中山11R 9着 イクイノックス G1 有馬記念
100%
2023/12/24 中山11R 3着 ドウデュース G1 有馬記念
100%
2020/12/26 中山11R 4着 ダノンザキッド G1 ホープフルステークス
97%
2022/05/01 阪神11R 1着 (ディープボンド) G1 天皇賞・春
97%
2022/10/02 ロンシャン4R 11着 Alpinista G1 凱旋門賞
97%
2023/04/30 京都11R 中止 ジャスティンパレス G1 天皇賞・春
97%
2023/11/26 東京11R 5着 イクイノックス G1 ジャパンカップ
94%
2020/10/04 中山5R 1着 戸崎圭太 (ノーダブルディップ) 新馬戦/メイクデビュー
91%
2021/03/07 中山11R 1着 横山武史 (シュネルマイスター) G2 弥生賞
91%
2022/03/26 中山11R 1着 (ボッケリーニ) G2 日経賞
84%
2023/03/25 中山11R 1着 (ボッケリーニ) G2 日経賞
84%
2021/09/20 中山11R 13着 横山武史 アサマノイタズラ G2 セントライト記念
81%
2023/09/24 中山11R 2着 ローシャムパーク G2 オールカマー
78%
2020/11/23 東京11R 2着 ダノンザキッド G3 東京スポーツ杯2歳ステークス
59%
No matching quizzes found
Score Distribution
Percent of People with Each Score
Percentile by Number Answered
Your Score History
You have not taken this quiz